Corporate social performance : (Record no. 146865)

MARC details
000 -LEADER
fixed length control field 00822nam a2200241 a 4500
008 - FIXED-LENGTH DATA ELEMENTS--GENERAL INFORMATION
fixed length control field
049 ## - LOCAL HOLDINGS (OCLC)
Holding library MAIN
050 0# - LIBRARY OF CONGRESS CALL NUMBER
Classification number HD60
Item number EPS
003 - CONTROL NUMBER IDENTIFIER
control field
005 - DATE AND TIME OF LATEST TRANSACTION
control field 20230123133334.0
040 ## - CATALOGING SOURCE
Transcribing agency NUST
100 1# - MAIN ENTRY--PERSONAL NAME
Personal name Epstein, Marc J.
245 10 - TITLE STATEMENT
Title Corporate social performance :
Remainder of title the measurement of product and service contributions /
Statement of responsibility, etc. by Marc J. Epstein, Eric G. Flamholtz, John J. McDonough.
260 ## - PUBLICATION, DISTRIBUTION, ETC.
Place of publication, distribution, etc. New York :
Name of publisher, distributor, etc. National Association of Accountants,
Date of publication, distribution, etc. c1977.
300 ## - PHYSICAL DESCRIPTION
Extent vii, 136 p. ;
Dimensions 23 cm.
440 #0 - SERIES STATEMENT/ADDED ENTRY--TITLE
Title NAA publication ;
Volume/sequential designation no. 7792.
504 ## - BIBLIOGRAPHY, ETC. NOTE
Bibliography, etc. note Includes bibliographical references.
650 #0 - SUBJECT ADDED ENTRY--TOPICAL TERM
Topical term or geographic name entry element Industry
General subdivision Social aspects
Geographic subdivision United States.
700 1# - ADDED ENTRY--PERSONAL NAME
Personal name Flamholtz, Eric.
700 1# - ADDED ENTRY--PERSONAL NAME
Personal name McDonough, John J.
907 ## - LOCAL DATA ELEMENT G, LDG (RLIN)
a .b10082207
b 20-04-12
c 14-07-03
942 ## - ADDED ENTRY ELEMENTS (KOHA)
Koha item type Ordinary Loan Books
Holdings
Date last seen Total Checkouts Full call number Barcode Cost, replacement price Price effective from Koha item type Lost status Source of classification or shelving scheme Damaged status Not for loan Collection Withdrawn status Home library Current library Shelving location Date acquired Cost, normal purchase price
01/23/2023 2 HD60 EPS 92003004326 80.00 01/23/2023 BOOKS   LCC     NFIC   MAIN MAIN GEN 01/23/2023 80.00